Guess the MLB Player #3 - Statistics

General Stats
  • This quiz has been taken 8 times
  • The average score is 8 of 16
Answer Stats
Picture Answer % Correct
Fernando Tatis Jr
88%
Freddie Freeman
88%
Will Smith
88%
CJ Abrams
63%
Anthony Volpe
50%
Chris Sale
50%
Christian Walker
50%
Gerrit Cole
50%
Seth Lugo
50%
Alex Bohm
38%
Clay Holmes
38%
Cole Ragans
38%
Lawrence Butler
38%
Marcus Semien
38%
Nick Castellanos
38%
Tyler O'Neill
25%
No matching quizzes found
Score Distribution
Percent of People with Each Score
Percentile by Number Answered
Your Score History
You have not taken this quiz